Dinero fácil / (Registro nro. 10859)

Detalles MARC
000 -LIDER
fixed length control field 01096cam a2200385 4500
001 - NÚMERO DE CONTROL
Identificador de número de control a473728
003 - IDENTIFICACDOR DE NÚMERO DE CONTROL
control field DO-SdBNP
005 - DATE AND TIME OF LATEST TRANSACTION
control field 20240215123104.0
007 - CAMPOS FIJOS DE DESCRIPCIÓN FÍSICA
fixed length control field a473728
008 - ELEMENTOS DE LONGITUD FIJA
fixed length control field 100427s2010 sp | 000 f spa
015 ## - NÚMERO DENTRO DE LA BIBLIOGRAFÍA NACIONAL
National bibliography number
017 ## - NÚMERO DE REGISTRO DE DERECHOS DE AUTOR
Copyright or legal deposit number
Assigning agency
020 ## - ISBN
International Standard Book Number 9788466323956
035 ## - NÚMERO LOCAL
System control number
040 ## - FUENTE DE CATALOGACIÓN
Agencia que crea de manera original el registro BPMSU
Idioma de catalogación spa
Agencia que realiza la transcripción BPMSU
Convenciones de la despripción
041 1# - CÓDIGOS DE OBRAS TRADUCIDAS O EN VARIOS IDIOMAS
Código del idioma del texto/archivo de sonido o separata spa
Cód. del idioma original y/o traducciones intermedias del texto
080 ## - NÚMERO DE CLASIFICACIÓN DECIMAL UNIVERSAL
Universal Decimal Classification number
082 #4 - NÚMERO DE CLASIFICACIÓN DECIMAL DE DEWEY
Classification number 839.736
Item number L313d 2010
Edition number 22
100 1# - ASIENTO PRINCIPAL -- NOMBRE PERSONAL
Nombre personal Lapidus, Jens
Fechas asociadas con el nombre 1974-
245 10 - MENCIÓN DE TITULO
Título Dinero fácil /
Medio (Designación general de material)
Mención de responsabilidad Jens Lapidus ; traducción de María Sierra
250 ## - MENCIÓN DE EDICION
Mención de edición
260 ## - PUBLICACIÓN, DISTRIBUCIÓN, ETC. (PIE DE IMPRENTA)
Lugar de publicación, distribución, etc Madrid :
Nombre del editor, distribuidor, etc. Punto de Lectura,
Fecha de publicación, distribución, etc 2010
300 ## - DESCRIPCIÓN FÍSICA
Extensión 617 p. ;
Dimensiones 21 cm
490 0# - MENCIÓN DE SERIES
Mención de serie Trilogía negra de Estocolmo,
Volume/sequential designation 1
490 1# - MENCIÓN DE SERIES
Mención de serie Punto de lectura
Volume/sequential designation 389/1
500 ## - NOTA GENERAL
Nota general Incluye referencias bibliográficas y notas al pie de las páginas
534 ## - NOTA SOBRE LA VERSIÓN ORIGINAL
Frase introductoria Título original :
Mención del título original Snabba cash
590 ## - NOTA LOCAL
Texto de la nota local Inventariado, 2024/VM
650 #4 - ENCABEZAMIENTO DE MATERIA--TEMÁTICO
Término temático o nombre geográfico como elemento de entrada Novela sueca
650 #4 - ENCABEZAMIENTO DE MATERIA--TEMÁTICO
Término temático o nombre geográfico como elemento de entrada Novela policíaca
700 1# - ASIENTO SECUNDARIO -- NOMBRE PERSONAL
Nombre personal Sierra, María
Mención de responsabilidad tr.
830 #0 - ASIENTO SECUNDARIO DE SERIE--TÍTULO UNIFORME
Título uniforme Trilogía negra de Estocolmo
Volume number/sequential designation 1
910 ## - VALIDACIÓN
Validación VMateo V. Control de calidad. BPMSU
942 ## - ADDED ENTRY ELEMENTS (KOHA)
Source of classification or shelving scheme Dewey Decimal Classification
Koha item type Libros
Existencias
Withdrawn status Lost status Source of classification or shelving scheme Damaged status Not for loan Collection code Home library Current library Date acquired Source of acquisition Total Checkouts Full call number Barcode Date last seen Price effective from Koha item type Copy number
    Dewey Decimal Classification     Colección General Biblioteca Pública Metropolitana Salomé Ureña Biblioteca Pública Metropolitana Salomé Ureña 07/13/2016 ALFAGUARA   BPMSU CG 839.736 L313d 2010 BPMSU17020001 07/13/2016 07/13/2016 Libros  
    Dewey Decimal Classification     Colección General Biblioteca Pública Metropolitana Salomé Ureña Biblioteca Pública Metropolitana Salomé Ureña 01/24/2018     BPMSU CG 839.736 L313d 2010 BPMSU18010044 01/24/2018 01/24/2018 Libros e.2
    Dewey Decimal Classification     Colección General Biblioteca Pública Metropolitana Salomé Ureña Biblioteca Pública Metropolitana Salomé Ureña 01/24/2018     BPMSU CG 839.736 L313d 2010 BPMSU18010045 01/24/2018 01/24/2018 Libros e.3